000 00786nam a2200253Ia 4500
003 OSt
005 20220930185250.0
006 a|||||r|||| 00| 0
007 ta
008 220926b |||||||| |||| 00| 0 eng d
020 _a9780415407694 (hbk)
_c5597.25
024 _a623
037 _bG-3874, 17/12/2008, Manohar Publisher & Distributors
_cTextbook
040 _aCRL
_cCRL
_beng
041 _2eng
_aeng
082 _aW6.2, P7
100 _aDesai Manali
_9276491
245 0 _aState formation and radical democracy in India
260 _aLondon
_bRoutledge UK
_c2007
300 _axii, 185p.
_ccm.
650 _aPOLITICAL SCIENCE
942 _hW6.2, P7
_cTB
_2CC
999 _c889853
_d889853